| 000 -LEADER |
| fixed length control field |
01934cam a2200421 a 4500 |
| 001 - CONTROL NUMBER |
| control field |
005273983 |
| 003 - CONTROL NUMBER IDENTIFIER |
| control field |
OCoLC |
| 005 - DATE AND TIME OF LATEST TRANSACTION |
| control field |
20230207111318.0 |
| 008 - FIXED-LENGTH DATA ELEMENTS--GENERAL INFORMATION |
| fixed length control field |
111102r20111955enkb 000 1 eng d |
| 020 ## - INTERNATIONAL STANDARD BOOK NUMBER |
| International Standard Book Number |
9780261103597 |
| 035 ## - SYSTEM CONTROL NUMBER |
| System control number |
(OCoLC)759570642 |
| 040 ## - CATALOGING SOURCE |
| Original cataloging agency |
NLE |
| Language of cataloging |
eng |
| Transcribing agency |
NLE |
| Modifying agency |
TRACS |
| -- |
OCLCO |
| -- |
OCLCF |
| -- |
N15 |
| -- |
OCLCA |
| -- |
OCLCQ |
| -- |
OCLCO |
| -- |
OCL |
| -- |
OCLCO |
| -- |
OCLCA |
| -- |
OCL |
| -- |
OCLCA |
| -- |
NITA |
| -- |
KH8 |
| 042 ## - AUTHENTICATION CODE |
| Authentication code |
nbic |
| 082 ## - DEWEY DECIMAL CLASSIFICATION NUMBER |
| Classification number |
823.912 TOL |
| 100 10 - MAIN ENTRY--PERSONAL NAME |
| Personal name |
Tolkien, J. R. R. |
| Fuller form of name |
(John Ronald Reuel), |
| Dates associated with a name |
1892-1973. |
| 245 14 - TITLE STATEMENT |
| Title |
The return of the king / |
| Statement of responsibility, etc. |
by J.R.R. Tolkien. |
| 260 ## - PUBLICATION, DISTRIBUTION, ETC. |
| Place of publication, distribution, etc. |
London : |
| Name of publisher, distributor, etc. |
HarperCollins, |
| Date of publication, distribution, etc. |
2011. |
| 300 ## - PHYSICAL DESCRIPTION |
| Extent |
ix, pages 748-1178 : |
| Other physical details |
maps ; |
| Dimensions |
18 cm. |
| 336 ## - CONTENT TYPE |
| Content type term |
text |
| Content type code |
txt |
| Source |
rdacontent. |
| 337 ## - MEDIA TYPE |
| Media type term |
unmediated |
| Media type code |
n |
| Source |
rdamedia. |
| 338 ## - CARRIER TYPE |
| Carrier type term |
volume |
| Carrier type code |
nc |
| Source |
rdacarrier. |
| 490 1# - SERIES STATEMENT |
| Series statement |
Lord of the rings ; |
| Volume/sequential designation |
pt. 3. |
| 500 ## - GENERAL NOTE |
| General note |
Originally published: London : George Allen & Unwin, 1955. |
| 520 ## - SUMMARY, ETC. |
| Summary, etc. |
Concluding the story begun in The Hobbit, this is the final part of Tolkien's epic masterpiece, The Lord of the Rings. Featuring a striking black cover based on Tolkien's own design, the definitive text, and a detailed map of Middle-earth. The armies of the Dark Lord are massing as his evil shadow spreads ever wider. Men, Dwarves, Elves and Ents unite forces to do battle agains the Dark. Meanwhile, Frodo and Sam struggle further into Mordor in their heroic quest to destroy the One Ring. |
| 600 10 - SUBJECT ADDED ENTRY--PERSONAL NAME |
| Personal name |
Baggins, Frodo |
| Form subdivision |
Fiction. |
| 650 #0 - SUBJECT ADDED ENTRY--TOPICAL TERM |
| Topical term or geographic name entry element |
Middle Earth (Imaginary place) |
| Form subdivision |
Fiction. |
| 650 #0 - SUBJECT ADDED ENTRY--TOPICAL TERM |
| Topical term or geographic name entry element |
Hobbits (Fictitious characters) |
| Form subdivision |
Fiction. |
| 650 #0 - SUBJECT ADDED ENTRY--TOPICAL TERM |
| Topical term or geographic name entry element |
Good and evil |
| Form subdivision |
Fiction. |
| 650 #0 - SUBJECT ADDED ENTRY--TOPICAL TERM |
| Topical term or geographic name entry element |
Wizards |
| Form subdivision |
Fiction. |
| 650 #0 - SUBJECT ADDED ENTRY--TOPICAL TERM |
| Topical term or geographic name entry element |
Magic |
| Form subdivision |
Fiction. |
| 650 #0 - SUBJECT ADDED ENTRY--TOPICAL TERM |
| Topical term or geographic name entry element |
Dwarfs |
| Form subdivision |
Fiction. |
| 650 #0 - SUBJECT ADDED ENTRY--TOPICAL TERM |
| Topical term or geographic name entry element |
Elves |
| Form subdivision |
Fiction. |
| 650 #0 - SUBJECT ADDED ENTRY--TOPICAL TERM |
| Topical term or geographic name entry element |
Goblins |
| Form subdivision |
Fiction. |
| 650 #0 - SUBJECT ADDED ENTRY--TOPICAL TERM |
| Topical term or geographic name entry element |
Dragons |
| Form subdivision |
Fiction. |
| 650 #0 - SUBJECT ADDED ENTRY--TOPICAL TERM |
| Topical term or geographic name entry element |
Fantasy fiction. |
| 800 1# - SERIES ADDED ENTRY--PERSONAL NAME |
| Personal name |
Tolkien, J. R. R. |
| Fuller form of name |
(John Ronald Reuel), |
| Dates associated with a name |
1892-1973. |
| Title of a work |
Lord of the rings ; |
| Volume/sequential designation |
pt. 3. |
| 942 ## - ADDED ENTRY ELEMENTS (KOHA) |
| Source of classification or shelving scheme |
|
| Koha item type |
Books - Non Ficton |